| Registos Bibliográficos associados ao registo de autoridade |
|
Etiqueta de registo: 00254nam 2200025 450 001 2285301 003 http://id.bnportugal.gov.pt/bib/catbnp/2285301 010 ## $a978-989-573-063-6 021 ## $aPT$b529297/24 100 ## $a20260427d2024 c y0pory01030103ba 101 1# $apor 102 ## $aPT 105 ## $aa z 000yy 106 ## $ar 200 1# $aCinzento$fLaura Dockrill$gil. Lauren Child$gtrad. Carina Mariais 205 ## $a1ª ed 210 #9 $aLisboa$cEdicare,$d2024 215 ## $a[36] p.$cil.$d30 cm 675 ## $a087.5$vBN$zpor$3287999 675 ## $a159.942(0.053.5)$vBN$zpor$31503727 700 #1 $aDockrill,$bLaura,$f1986-$31997001 701 #1 $aChild,$bLauren,$f1965-$4440$3809662 702 #1 $aMariais,$bCarina$4730$31905958 801 #0 $aPT$bBN$gRPC 856 41 $uhttp://rnod.bnportugal.gov.pt/ImagesBN/winlibimg.aspx?skey=&doc=2285301&img=222881&save=true 900 ## $aBIBNAC$d20260612 966 ## $lBN$mFGMON$sP. 72869 V.$x1 966 ## $lBN$mFGMON$sP. 72869 V.-D$x1 971 ## $cssilva$d20260427 972 ## $e0$z0$d20260612$vlrevez 973 ## $cmlsousa$d20260601
|
|
|